عرض عادي
عرض مارك
مدخل إسم شخص
001 - رقم الضبط
- حقل الضبط: 19257
003 - معرف رقم الضبط
- حقل الضبط: OSt
005 - تاريخ ووقت أخر عملية
- حقل الضبط: 20121229200830.0
008 - عناصر بيانات ثابتة الطول
- حقل تحكم ثابت الطول: 121229|||a|||||| | ||| d
040 ## - مصدر الفهرسة
- هيئة الفهرسة الأصلية: OSt
- وكالة الكتابة: OSt
100 ## - مدخل -- أسم شخص
- إسم شخص:
- تواريخ مرتبطة بالاسم: 1954-\\
- وسيط الاداء للموسيقي: CL
670 ## - بيانات المصدر موجوده
- الاستشهاد بالمصدر: Work cat.: (OSt): Mcloughlin, lan 19255, Computer architecture :, c2011.
